000
00363nam a2200133Ia 4500
008
230411s9999 xx 000 0 und d
041
_a
eng
082
_a
F/610.73/INA/B02344
100
_a
Inamdar Madhuri
245
_a
Nursing Arts : Principles and practice
260
_b
Vora Medical Publications
_a
Mumbai
_c
2005
300
_a
201p
999
_c
153546
_d
153546